[Event "2BLN 1819 SK König Tegel - Lübecker SV"]
[Site "?"]
[Date "2019.02.03"]
[Round "6.4"]
[White "Moreno Tejera, Emilio"]
[Black "Poghosyan, Tigran"]
[Result "1-0"]
[WhiteElo "2431"]
[BlackElo "2205"]
[PlyCount "147"]
[EventDate "2019.??.??"]

1. e4 c5 2. d3 d6 3. g3 g6 4. Bg2 Bg7 5. f4 Nc6 6. Nf3 e6 7. O-O Nge7 8. c3 O-O
9. Be3 b6 10. Na3 Ba6 11. Bf2 Rb8 12. Nc2 b5 13. a3 Bb7 14. Qe2 a5 15. d4 cxd4
16. cxd4 Ba6 17. Rfd1 d5 18. e5 a4 19. Be1 Na5 20. Nb4 Bc8 21. Rac1 Nb3 22. Rc3
Qb6 23. Bf2 Bd7 24. g4 Rfc8 25. Rxc8+ Rxc8 26. Nd3 Bh6 27. Be3 Rc4 28. Qf2 Nc6
29. Bf1 Bf8 30. Nde1 Ne7 31. Bxc4 bxc4 32. Bd2 Nxd2 33. Qxd2 Nc6 34. Kg2 Qb3
35. Rc1 Bh6 36. Ng5 Bf8 37. Ngf3 Be7 38. Ng1 Bd8 39. Ne2 Ba5 40. Nc3 Bb6 41.
Ne2 Ba5 42. Rc3 Bxc3 43. Nxc3 Na5 44. Nf3 Qb6 45. Kg3 Nb3 46. Qe3 h6 47. f5 Kh7
48. fxg6+ fxg6 49. Qf4 Be8 50. Qf8 Qc6 51. g5 h5 52. Ne2 Qd7 53. Qf6 Bf7 54.
Kf4 Na5 55. Kg3 Nc6 56. Nc3 Kg8 57. Nb5 Na7 58. Nd6 Nb5 59. Qf4 Nc7 60. Qd2 Ne8
61. Nxe8 Bxe8 62. Qb4 Qf7 63. Qb8 Qe7 64. Qd6 Qf7 65. Qd8 Kh7 66. Kf2 Bc6 67.
Qf6 Qb7 68. Kg3 Qd7 69. Qf8 Qb7 70. Qh6+ Kg8 71. Qxg6+ Kf8 72. Qf6+ Qf7 73. g6
Qxf6 74. exf6 1-0

[Event "2BLN 1819 SK König Tegel - Lübecker SV"]
[Site "?"]
[Date "2019.02.03"]
[Round "6.5"]
[White "Christ, Ralf"]
[Black "Muse, Mladen"]
[Result "0-1"]
[WhiteElo "2271"]
[BlackElo "2391"]
[PlyCount "120"]
[EventDate "2019.??.??"]

1. Nf3 Nf6 2. c4 e6 3. Nc3 d5 4. d4 c6 5. cxd5 exd5 6. Bg5 h6 7. Bxf6 Qxf6 8.
e3 Bd6 9. Bd3 O-O 10. Qc2 Bg4 11. Nd2 Re8 12. O-O Qh4 13. g3 Qh5 14. Rfe1 Nd7
15. Rab1 Nf8 16. b4 Ne6 17. Be2 Nxd4 18. Bxg4 Nxc2 19. Bxh5 Nxe1 20. Rxe1 d4
21. Ncb1 dxe3 22. Rxe3 Rxe3 23. fxe3 Bxb4 24. Kf2 Rd8 25. Nb3 a5 26. Bf3 a4 27.
Nd4 g6 28. Ke2 Rd6 29. Be4 Kf8 30. Bc2 Bc5 31. Bxa4 Bxd4 32. exd4 Rxd4 33. Bb3
f5 34. Nd2 Ke7 35. Ke3 Rd7 36. Nf3 Kf6 37. h4 Re7+ 38. Kd3 Re4 39. Ng1 b5 40.
Ne2 c5 41. Bd1 Rg4 42. Ke3 Ke5 43. Kf3 g5 44. hxg5 hxg5 45. Bc2 Rb4 46. Nc1 Rc4
47. Nd3+ Kd4 48. Ne1 Rc3+ 49. Ke2 Ke5 50. Nd3+ Kd6 51. Ne1 Ke6 52. Kf2 c4 53.
g4 fxg4 54. Bg6 Ra3 55. Bb1 Ke5 56. Nc2 Rh3 57. Ne3 Rh2+ 58. Ng2 Rh1 59. Bg6
Ra1 60. Be8 Rxa2+ 0-1

[Event "2BLN 1819 SK König Tegel - Lübecker SV"]
[Site "?"]
[Date "2019.02.03"]
[Round "6.6"]
[White "Bruedigam, Martin"]
[Black "Lampe, Dirk"]
[Result "1-0"]
[WhiteElo "2394"]
[BlackElo "2146"]
[PlyCount "91"]
[EventDate "2019.??.??"]

1. e4 c5 2. Nf3 Nc6 3. Bb5 d6 4. O-O Bd7 5. Re1 Nf6 6. c3 a6 7. Bf1 Bg4 8. d3
g6 9. Nbd2 Bh6 10. h3 Bxf3 11. Nxf3 Bxc1 12. Qxc1 Qb6 13. Rb1 Nd7 14. Qh6 Nde5
15. Nd2 f6 16. Be2 Qa7 17. Nf1 Nd8 18. Rbd1 Nef7 19. Qd2 O-O 20. Ne3 Kg7 21.
Nd5 b6 22. d4 Nc6 23. Nf4 Ncd8 24. Bc4 Rb8 25. Bxf7 Rxf7 26. e5 dxe5 27. dxe5
Nc6 28. Qd5 Qb7 29. Ne6+ Kg8 30. f4 Na5 31. Qxb7 Nxb7 32. b4 fxe5 33. fxe5 h6
34. Rd7 a5 35. a3 g5 36. Rf1 Rxf1+ 37. Kxf1 axb4 38. axb4 cxb4 39. cxb4 Kh7 40.
g4 Kg6 41. Rxe7 h5 42. Kg2 hxg4 43. hxg4 Kh6 44. Nd4 Nd8 45. Nf5+ Kg6 46. Rg7#
1-0

[Event "2BLN 1819 SK König Tegel - Lübecker SV"]
[Site "?"]
[Date "2019.02.03"]
[Round "6.7"]
[White "Frohberg, Marco"]
[Black "Fruebing, Stefan"]
[Result "0-1"]
[WhiteElo "2241"]
[BlackElo "2409"]
[PlyCount "90"]
[EventDate "2019.??.??"]

1. Nf3 Nf6 2. b3 g6 3. Bb2 Bg7 4. e3 O-O 5. Be2 c5 6. O-O Nc6 7. d4 Ne4 8. Nbd2
d5 9. c3 e5 10. Nxe5 Nxe5 11. Nxe4 dxe4 12. dxe5 Bxe5 13. Qxd8 Rxd8 14. Rfd1
Be6 15. Rxd8+ Rxd8 16. Rd1 Rxd1+ 17. Bxd1 b6 18. h3 h5 19. Bc2 f5 20. h4 Kg7
21. g3 Bc8 22. Kf1 g5 23. hxg5 Kg6 24. Bd1 Kxg5 25. Be2 Be6 26. Kg2 h4 27.
gxh4+ Kxh4 28. Bb5 Bf7 29. Be2 a5 30. Bd1 b5 31. Ba3 b4 32. cxb4 cxb4 33. Bc1
a4 34. Bd2 Bc3 35. Bc1 a3 36. Kh2 Bd5 37. Kg2 Bc6 38. f4 Bb5 39. Kh2 Bd3 40.
Kg2 Be1 41. Kh2 Bf1 42. Kg1 Bh3 43. Kh2 Bg4 44. Bc2 Be2 45. Kg2 Kg4 0-1

[Event "2BLN 1819 SK König Tegel - Lübecker SV"]
[Site "?"]
[Date "2019.02.03"]
[Round "6.8"]
[White "Berger, Steve"]
[Black "Hein, Andreas"]
[Result "0-1"]
[WhiteElo "2435"]
[BlackElo "2254"]
[PlyCount "82"]
[EventDate "2019.??.??"]

1. e4 c6 2. Nc3 d5 3. Nf3 dxe4 4. Nxe4 Nf6 5. Qe2 Bg4 6. h3 Bxf3 7. Nxf6+ gxf6
8. Qxf3 Nd7 9. d4 e6 10. c3 h5 11. g4 Qa5 12. Be2 O-O-O 13. gxh5 Bh6 14. Bxh6
Rxh6 15. Rg1 Rh7 16. Rg3 f5 17. Qg2 Nf6 18. Rg7 Rdh8 19. O-O-O Qd8 20. h6 Qf8
21. c4 Rxh6 22. Rg3 Ne4 23. Ra3 Kb8 24. c5 Qd8 25. Kb1 Qc7 26. Ka1 Rg6 27. Qf1
Qh2 28. Bf3 Rhg8 29. Qe1 Rg1 30. Qa5 Rxd1+ 31. Bxd1 a6 32. Rb3 Qg1 33. a3 Qxd1+
34. Ka2 Qxd4 35. Rxb7+ Kxb7 36. Qb6+ Kc8 37. Qxa6+ Kd8 38. Qa8+ Ke7 39. Qxg8
Qc4+ 40. Ka1 Qc1+ 41. Ka2 Nd2 0-1

[Event "2BLN 1819 SV Lingen - SK Norderstedt"]
[Site "?"]
[Date "2019.02.03"]
[Round "6.1"]
[White "Krause, Benedict"]
[Black "Perunovic, Milos"]
[Result "1-0"]
[WhiteElo "2436"]
[BlackElo "2601"]
[PlyCount "89"]
[EventDate "2019.??.??"]

1. e4 c5 2. Nf3 Nc6 3. d4 cxd4 4. Nxd4 Nf6 5. Nc3 d6 6. Bg5 e6 7. Qd2 a6 8.
O-O-O Bd7 9. f4 Be7 10. Nf3 b5 11. Bxf6 gxf6 12. f5 Qb6 13. Ne2 Qa5 14. Qxa5
Nxa5 15. Nf4 Bf8 16. g3 Ke7 17. Bh3 Bh6 18. Kb1 Nb7 19. Nd4 Bxf4 20. fxe6 fxe6
21. gxf4 Nc5 22. Bg2 Rhg8 23. Bf3 Rab8 24. Rhg1 b4 25. Rg3 e5 26. fxe5 fxe5 27.
Nf5+ Bxf5 28. exf5 e4 29. Be2 Rbf8 30. f6+ Kxf6 31. Rxd6+ Ke5 32. Bc4 Kxd6 33.
Rxg8 Rf2 34. a3 bxa3 35. b4 Na4 36. Rg3 Rf3 37. Rxf3 exf3 38. Ka2 Nb2 39. Bxa6
Kd5 40. Kxa3 Nc4+ 41. Kb3 Nd2+ 42. Kc3 Ne4+ 43. Kd3 Nf2+ 44. Ke3 Ng4+ 45. Kxf3
1-0

[Event "2BLN 1819 SV Lingen - SK Norderstedt"]
[Site "?"]
[Date "2019.02.03"]
[Round "6.2"]
[White "Gajek, Radoslaw"]
[Black "Parvanyan, Ashot"]
[Result "1/2-1/2"]
[WhiteElo "2481"]
[BlackElo "2438"]
[PlyCount "84"]
[EventDate "2019.??.??"]

1. c4 Nf6 2. Nc3 g6 3. e4 d6 4. d4 Bg7 5. f3 O-O 6. Be3 c5 7. dxc5 dxc5 8. Qxd8
Rxd8 9. Bxc5 Nc6 10. Nge2 b6 11. Ba3 Bb7 12. Rd1 Nd7 13. Nf4 Nde5 14. Be2 e6
15. O-O Na5 16. c5 Nec4 17. Bb4 Nxb2 18. Rb1 Nac4 19. Nd1 Bc6 20. Nxb2 Nxb2 21.
Rfc1 b5 22. Bc3 Bxc3 23. Rxc3 Rd2 24. Rb3 Nc4 25. a4 a6 26. axb5 axb5 27. Bf1
Rdd8 28. Rd3 g5 29. Rxd8+ Rxd8 30. Bxc4 bxc4 31. Ne2 Rd2 32. Kf1 Kf8 33. Rb4
Ke7 34. Ke1 Ra2 35. g4 e5 36. h3 Kd7 37. Nc3 Rh2 38. Rxc4 Rxh3 39. Kf2 Rh2+ 40.
Ke3 Rb2 41. Na4 Ra2 42. Nc3 Rb2 {(=)} 1/2-1/2

[Event "2BLN 1819 SV Lingen - SK Norderstedt"]
[Site "?"]
[Date "2019.02.03"]
[Round "6.3"]
[White "Ostrovskiy, Andrey"]
[Black "Ivanisevic, Ivan"]
[Result "0-1"]
[WhiteElo "2424"]
[BlackElo "2604"]
[PlyCount "92"]
[EventDate "2019.??.??"]

1. e4 c5 2. Nf3 Nc6 3. d4 cxd4 4. Nxd4 Qb6 5. Nb3 Nf6 6. Nc3 e6 7. Bd3 Be7 8.
O-O Ne5 9. Kh1 d6 10. Be3 Qc7 11. f4 Nxd3 12. cxd3 O-O 13. Rc1 Qd7 14. Nd4 b6
15. Ncb5 Ne8 16. Nc6 Bb7 17. Nbxa7 f5 18. Qb3 fxe4 19. dxe4 Nf6 20. Qxb6 Ng4
21. Bg1 Bh4 22. Qb3 Qf7 23. Qh3 Qh5 24. g3 g5 25. gxh4 gxf4 26. Qf3 Qxh4 27. h3
Nf6 28. Bf2 Qh6 29. Kh2 Kh8 30. Rg1 e5 31. a4 d5 32. Bc5 dxe4 33. Bxf8 Rxf8 34.
Qc3 f3 35. Qxe5 f2 36. Rgf1 e3 37. Rc2 Re8 38. Qd4 e2 39. Rxe2 Rxe2 40. Qd8+
Re8 41. Qd4 Re3 42. Qd8+ Kg7 43. Qc7+ Kg6 44. Ne7+ Rxe7 45. Qg3+ Qg5 46. Qxg5+
Kxg5 0-1

[Event "2BLN 1819 SV Lingen - SK Norderstedt"]
[Site "?"]
[Date "2019.02.03"]
[Round "6.4"]
[White "Epishin, Vladimir"]
[Black "Kopylov, Michael"]
[Result "1-0"]
[WhiteElo "2563"]
[BlackElo "2416"]
[PlyCount "123"]
[EventDate "2019.??.??"]

1. d4 d5 2. Nf3 e6 3. c4 c6 4. Bg5 Be7 5. Bxe7 Qxe7 6. Nbd2 Nf6 7. e3 Nbd7 8.
Be2 e5 9. cxd5 Nxd5 10. dxe5 Nxe5 11. O-O O-O 12. Nxe5 Qxe5 13. Nc4 Qe7 14. Qc2
Rd8 15. a3 Be6 16. Rfd1 Rac8 17. Rac1 Qg5 18. Bf3 Bg4 19. Bxg4 Qxg4 20. Rd4 Qg5
21. Rcd1 b5 22. h4 Qf6 23. Na5 h6 24. e4 Nf4 25. Rxd8+ Rxd8 26. Rxd8+ Qxd8 27.
Nxc6 Qxh4 28. Nxa7 Qg5 29. Qc8+ Kh7 30. Qf5+ Qxf5 31. exf5 Ne2+ 32. Kh2 Nd4 33.
g4 h5 34. gxh5 Kh6 35. f6 g6 36. hxg6 Kxg6 37. Kg3 Kf5 38. f3 Kg5 39. Nc8 Kxf6
40. Kf4 Ke6 41. Ke4 Nc6 42. Nb6 Kd6 43. a4 bxa4 44. Nxa4 Nb4 45. f4 Kc6 46. Nc3
Kd6 47. Kd4 Nc6+ 48. Kc4 Na5+ 49. Kb4 Nc6+ 50. Kb5 Ne7 51. b4 Ng6 52. Ne4+ Ke6
53. Kc6 Kf5 54. b5 Kxe4 55. b6 Nxf4 56. b7 f5 57. b8=Q Nd3 58. Qe8+ Kf3 59.
Qh5+ Ke4 60. Qe2+ Kd4 61. Kd6 f4 62. Qf3 1-0

[Event "2BLN 1819 SV Lingen - SK Norderstedt"]
[Site "?"]
[Date "2019.02.03"]
[Round "6.5"]
[White "Petrosian, Suren"]
[Black "Milanovic, Danilo"]
[Result "1/2-1/2"]
[WhiteElo "2361"]
[BlackElo "2490"]
[PlyCount "71"]
[EventDate "2019.??.??"]

1. e4 d5 2. exd5 Qxd5 3. Nc3 Qd8 4. d4 Nf6 5. Bg5 c6 6. Bc4 e6 7. Nf3 Be7 8.
Qe2 b5 9. Bd3 Bb7 10. O-O-O Nbd7 11. h4 h6 12. Bd2 b4 13. Ne4 Nxe4 14. Bxe4 Qa5
15. Kb1 Ba6 16. Qe1 Qb6 17. Ne5 Nxe5 18. dxe5 O-O-O 19. Qe3 Qxe3 20. Bxe3 Rxd1+
21. Rxd1 Kc7 22. b3 Bb5 23. g3 a5 24. c4 bxc3 25. Kc2 Bb4 26. Bd4 a4 27. Bxc3
axb3+ 28. axb3 Bxc3 29. Kxc3 Ra8 30. Bd3 Ra2 31. Bxb5 cxb5 32. f4 Re2 33. Rd3
Re4 34. Rd4 Re3+ 35. Rd3 Re4 36. Rd4 1/2-1/2

[Event "2BLN 1819 SV Lingen - SK Norderstedt"]
[Site "?"]
[Date "2019.02.03"]
[Round "6.6"]
[White "Levin, Felix"]
[Black "Kahlert, Thomas"]
[Result "1-0"]
[WhiteElo "2481"]
[BlackElo "2218"]
[PlyCount "67"]
[EventDate "2019.??.??"]

1. d4 Nf6 2. Nf3 d6 3. c4 Nbd7 4. Nc3 e5 5. e4 Be7 6. Be2 O-O 7. O-O c6 8. Be3
a6 9. d5 cxd5 10. cxd5 b5 11. Nd2 Nxe4 12. Ncxe4 f5 13. f3 fxe4 14. Nxe4 Bb7
15. Qb3 Kh8 16. a4 b4 17. a5 Nc5 18. Qxb4 Bxd5 19. Nxc5 Rb8 20. Qc3 dxc5 21.
Rfd1 Rb3 22. Qxb3 Bxb3 23. Rxd8 Rxd8 24. Bxa6 Rb8 25. Bd3 Bd5 26. Be4 Bxe4 27.
fxe4 Rxb2 28. a6 Rb8 29. a7 Ra8 30. Rb1 Bd6 31. Rb6 Bc7 32. Rb7 Bd6 33. Kf1 Kg8
34. Ke2 1-0

[Event "2BLN 1819 SV Lingen - SK Norderstedt"]
[Site "?"]
[Date "2019.02.03"]
[Round "6.7"]
[White "Powierski, Emil"]
[Black "Kollen, Zyon"]
[Result "0-1"]
[WhiteElo "2310"]
[BlackElo "2363"]
[PlyCount "100"]
[EventDate "2019.??.??"]

1. e4 e6 2. d4 d5 3. Nd2 Nf6 4. e5 Nfd7 5. f4 c5 6. c3 Nc6 7. Ngf3 Qb6 8. Nb3
c4 9. Nbd2 Qa5 10. Be2 b5 11. Nf1 b4 12. Bd2 Rb8 13. Ne3 bxc3 14. bxc3 g6 15.
O-O h5 16. g3 Nb6 17. Qc2 Bd7 18. h3 Qa4 19. Bd1 Qxc2 20. Bxc2 Na5 21. Rab1 Rb7
22. g4 hxg4 23. hxg4 Na4 24. Rxb7 Nxb7 25. Rb1 Nd8 26. Rb8 Nb6 27. f5 gxf5 28.
gxf5 Rg8+ 29. Kf2 Bc6 30. Ng2 Kd7 31. Bg5 Be7 32. Bxe7 Kxe7 33. a4 Bxa4 34.
Rxb6 Bxc2 35. f6+ Kd7 36. Rb8 a5 37. Ra8 a4 38. Nf4 Kc7 39. Nh3 Kb7 40. Ra5 Kb6
41. Ra8 Kb7 42. Ra5 Bb3 43. Nhg5 Nc6 44. Rb5+ Ka6 45. Rc5 a3 46. Rxc6+ Kb5 47.
Rc7 a2 48. Nxf7 a1=Q 49. Nd6+ Kb6 50. Rb7+ Ka6 0-1

[Event "2BLN 1819 SV Lingen - SK Norderstedt"]
[Site "?"]
[Date "2019.02.03"]
[Round "6.8"]
[White "Gutman, Lev"]
[Black "Kopylov, Daniel"]
[Result "0-1"]
[WhiteElo "2416"]
[BlackElo "2231"]
[PlyCount "136"]
[EventDate "2019.??.??"]

1. Nf3 Nf6 2. g3 g6 3. Bg2 Bg7 4. d4 d5 5. c4 O-O 6. O-O dxc4 7. Na3 Nc6 8.
Nxc4 Be6 9. b3 Bd5 10. Bb2 a5 11. Ne3 Be4 12. a3 Qc8 13. Nc4 Rd8 14. e3 Bd5 15.
Qc2 Ne4 16. Rfd1 Qe6 17. Nfe5 Nxe5 18. dxe5 Nc5 19. Bxd5 Rxd5 20. e4 Rxd1+ 21.
Rxd1 a4 22. b4 Nb3 23. f4 b5 24. Ne3 Qb6 25. Kf2 e6 26. Kf3 Bf8 27. Ng4 c5 28.
Nf6+ Kg7 29. Nd7 Qc7 30. f5 Rd8 31. fxe6 fxe6 32. Nxc5 Bxc5 33. Rxd8 Qxd8 34.
bxc5 Qf8+ 35. Ke3 Qxc5+ 36. Qxc5 Nxc5 37. Kd4 Na6 38. Bc3 Kf7 39. Bd2 Ke8 40.
Bh6 Ke7 41. Kc3 Kd7 42. Bf8 Kc6 43. Bd6 Nc5 44. Kd4 Nb3+ 45. Kc3 Na5 46. Kd4
Kb6 47. Bc5+ Kc6 48. Bd6 Nc4 49. Bb4 Kb6 50. g4 Kc6 51. h3 Kb6 52. Be7 Na5 53.
Bc5+ Kb7 54. Bd6 Nc6+ 55. Kd3 Ka6 56. Kc3 Kb6 57. Kd3 Na5 58. Kd4 Nc4 59. Bc5+
Kb7 60. Bb4 Kc6 61. Be7 Nd2 62. Kc3 Nb3 63. Kd3 Na5 64. Kd4 Kb6 65. Bd8+ Ka6
66. Bc7 Nc6+ 67. Kc5 Kb7 68. Bd6 b4 0-1

[Event "2BLN 1819 SC Rotation Pankow - SK Zehle"]
[Site "?"]
[Date "2019.02.03"]
[Round "6.1"]
[White "Lagunow, Raphael"]
[Black "Dauth, Benjamin"]
[Result "1/2-1/2"]
[WhiteElo "2413"]
[BlackElo "2274"]
[PlyCount "84"]
[EventDate "2019.??.??"]

1. Nf3 d5 2. g3 Nf6 3. Bg2 g6 4. d4 Bg7 5. O-O O-O 6. Nbd2 Nbd7 7. c4 c6 8. b3
b6 9. Bb2 Bb7 10. e3 e6 11. Qe2 c5 12. Rfd1 Qe7 13. Rac1 Rac8 14. Ne1 e5 15.
dxe5 Nxe5 16. Ndf3 Ned7 17. Nh4 Qe6 18. Qd2 Rfe8 19. cxd5 Qd6 20. Qc2 b5 21. e4
c4 22. Qb1 cxb3 23. Rxc8 Bxc8 24. axb3 Qb4 25. Bd4 Nxe4 26. Nc2 Qa5 27. b4 Qc7
28. Re1 Nd6 29. Rxe8+ Nxe8 30. Nf3 Qd6 31. Bxa7 Qxd5 32. Nfd4 Qh5 33. Nc6 Bf8
34. Qe1 Ndf6 35. Ne7+ Bxe7 36. Qxe7 Qd1+ 37. Ne1 Be6 38. Kf1 Bc4+ 39. Kg1 Be6
40. Kf1 Bc4+ 41. Kg1 Be6 42. Kf1 Bc4+ 1/2-1/2

[Event "2BLN 1819 SC Rotation Pankow - SK Zehle"]
[Site "?"]
[Date "2019.02.03"]
[Round "6.2"]
[White "Rietze, Clemens"]
[Black "Sawlin, Leonid"]
[Result "0-1"]
[WhiteElo "2277"]
[BlackElo "2370"]
[PlyCount "94"]
[EventDate "2019.??.??"]

1. d4 d5 2. c4 e6 3. Nf3 c6 4. Qc2 Nd7 5. g3 Ngf6 6. Bg2 Be7 7. O-O O-O 8. Nbd2
b6 9. e4 Bb7 10. e5 Ne8 11. cxd5 cxd5 12. Re1 Nc7 13. Nf1 Rc8 14. h4 Na6 15.
Qd1 Nb4 16. Ne3 Ba6 17. Bf1 Bxf1 18. Rxf1 b5 19. a3 Nc6 20. Qd3 Qb6 21. Bd2 f6
22. exf6 Nxf6 23. Bc3 a5 24. Ng5 b4 25. axb4 axb4 26. Ra6 Qb7 27. Bd2 Ne4 28.
Nxe4 dxe4 29. Qc4 Nxd4 30. Qxd4 Qxa6 31. Qxe4 Qc6 32. Qg4 Rcd8 33. Nc4 Rf5 34.
Re1 Bf6 35. Qe2 b3 36. Bf4 Rd4 37. Ne5 Qd5 38. Ng4 Qc4 39. Qe3 Bxh4 40. Rc1 Qd5
41. Rc8+ Rf8 42. Rxf8+ Kxf8 43. Kh2 Be7 44. Ne5 Rd1 45. f3 g5 46. Bxg5 Bxg5 47.
Qxg5 Qd2+ 0-1

[Event "2BLN 1819 SC Rotation Pankow - SK Zehle"]
[Site "?"]
[Date "2019.02.03"]
[Round "6.3"]
[White "Malek, Daniel"]
[Black "Mueller, Michael"]
[Result "1-0"]
[WhiteElo "2390"]
[BlackElo "2272"]
[PlyCount "103"]
[EventDate "2019.??.??"]

1. d4 Nf6 2. c4 g6 3. Nc3 d5 4. Bf4 Bg7 5. e3 c5 6. dxc5 Qa5 7. Rc1 dxc4 8.
Bxc4 O-O 9. Nf3 Qxc5 10. Bb3 Qa5 11. O-O Nc6 12. h3 Bf5 13. Qe2 e5 14. Bh2 Ne4
15. Nxe4 Bxe4 16. Rfd1 Bxf3 17. Qxf3 Rad8 18. Bg3 e4 19. Qxe4 Bxb2 20. Rb1 Bf6
21. Bd6 Rfe8 22. Qf4 Qg5 23. Bd5 Rd7 24. Qxg5 Bxg5 25. Rxb7 Rxb7 26. Bxc6 Ree7
27. Bxb7 Rxb7 28. Rd5 Bd8 29. Be5 Rb1+ 30. Kh2 Bb6 31. g4 Rc1 32. Rd7 Rc2 33.
Kg3 Rxa2 34. Rb7 Kf8 35. Bf6 Ke8 36. g5 Rc2 37. Rb8+ Kd7 38. Rh8 Rc8 39. Rxh7
Ke6 40. Rh4 a5 41. Ra4 Kd5 42. Bd4 Bxd4 43. exd4 Ra8 44. Kf4 Kc6 45. Ke5 Kb5
46. Ra1 a4 47. d5 Kb4 48. d6 Rd8 49. Rd1 a3 50. d7 a2 51. Kd6 Ra8 52. Ke7 1-0

[Event "2BLN 1819 SC Rotation Pankow - SK Zehle"]
[Site "?"]
[Date "2019.02.03"]
[Round "6.4"]
[White "Neumeier, Lars"]
[Black "Meister, Jakob"]
[Result "1/2-1/2"]
[WhiteElo "2304"]
[BlackElo "2413"]
[PlyCount "81"]
[EventDate "2019.??.??"]

1. d4 c5 2. d5 Nf6 3. c4 b5 4. cxb5 e6 5. dxe6 fxe6 6. Nf3 d5 7. Bf4 Bd6 8.
Bxd6 Qxd6 9. Nc3 O-O 10. e3 Nbd7 11. Be2 Bb7 12. O-O e5 13. e4 d4 14. Bc4+ Kh8
15. Ng5 Qe7 16. Ne2 Nb6 17. Qb3 Nxc4 18. Qxc4 h6 19. Ne6 Rfe8 20. Nxc5 Rac8 21.
b4 Nxe4 22. Rfc1 Ba8 23. Ng3 Nxg3 24. hxg3 Rcd8 25. Na6 d3 26. Rd1 Qb7 27. Qc6
Qf7 28. Qc5 Rc8 29. Qe3 Qb7 30. f3 e4 31. Nc5 Qb6 32. fxe4 Rxe4 33. Qxd3 Rxb4
34. Qd6 Rb2 35. Kh2 Bxg2 36. Qxb6 axb6 37. Nd3 Rbc2 38. Ne1 Bf3+ 39. Nxc2 Rxc2+
40. Kh3 Bxd1 41. Rxd1 1/2-1/2

[Event "2BLN 1819 SC Rotation Pankow - SK Zehle"]
[Site "?"]
[Date "2019.02.03"]
[Round "6.5"]
[White "Stachowiak, Kamil"]
[Black "Bruchmann, Stephan"]
[Result "1-0"]
[WhiteElo "2427"]
[BlackElo "2254"]
[PlyCount "79"]
[EventDate "2019.??.??"]

1. d4 d5 2. Nf3 Nf6 3. g3 c6 4. Bg2 Bf5 5. O-O h6 6. c4 e6 7. Qb3 Qb6 8. Nc3
Nbd7 9. c5 Qc7 10. Bf4 Qc8 11. Qd1 Ne4 12. Nd2 g5 13. Be3 Nxc3 14. bxc3 b6 15.
c4 Qa6 16. cxd5 cxd5 17. Nb3 Bg7 18. Qd2 O-O 19. Rac1 Rac8 20. Rfe1 Kh7 21. f3
Bg6 22. Bf2 Nf6 23. g4 Ng8 24. Bg3 Rfd8 25. Bf1 Qa4 26. e3 f5 27. h3 h5 28. Bd3
Nh6 29. Rf1 Qe8 30. c6 e5 31. c7 Rd7 32. Bb5 f4 33. exf4 exf4 34. Bf2 Qf7 35.
Bxd7 Qxd7 36. Qe2 Rxc7 37. Rxc7 Qxc7 38. Re1 Nf7 39. Qe6 Qc3 40. Qxd5 1-0

[Event "2BLN 1819 SC Rotation Pankow - SK Zehle"]
[Site "?"]
[Date "2019.02.03"]
[Round "6.6"]
[White "Seils, Joerg"]
[Black "Brodowski, Piotr"]
[Result "1/2-1/2"]
[WhiteElo "2316"]
[BlackElo "2439"]
[PlyCount "54"]
[EventDate "2019.??.??"]

1. e4 c5 2. Nf3 Nc6 3. Bb5 g6 4. O-O Bg7 5. Re1 Nf6 6. c3 O-O 7. h3 Qb6 8. Bf1
Rd8 9. d3 d5 10. e5 Nd7 11. d4 Nf8 12. Na3 cxd4 13. cxd4 Bf5 14. Re3 a6 15. Rb3
Qa7 16. Be3 Na5 17. Rc3 b5 18. Nc2 Nc4 19. b3 Nxe3 20. fxe3 Rac8 21. Rxc8 Rxc8
22. Nb4 Bh6 23. Qe1 Ne6 24. a4 Qb7 25. axb5 axb5 26. Ra5 Nc7 27. Qf2 Qb6
1/2-1/2

[Event "2BLN 1819 SC Rotation Pankow - SK Zehle"]
[Site "?"]
[Date "2019.02.03"]
[Round "6.7"]
[White "Luch, Michal"]
[Black "Steinhagen, Bernd"]
[Result "1-0"]
[WhiteElo "2362"]
[BlackElo "2254"]
[PlyCount "159"]
[EventDate "2019.??.??"]

1. d4 Nf6 2. c4 e6 3. Nc3 d5 4. cxd5 exd5 5. Bg5 c6 6. Qc2 Be7 7. e3 Nbd7 8.
Bd3 O-O 9. Nge2 Re8 10. O-O Nf8 11. f3 Be6 12. Rad1 Qa5 13. a3 Rac8 14. Bh4 c5
15. dxc5 Qxc5 16. Qd2 a6 17. Bf2 Qa5 18. Nf4 Rcd8 19. Bb1 Ng6 20. Nxg6 hxg6 21.
Ne2 Qc7 22. Rc1 Qb8 23. Bg3 Bd6 24. Qd4 Bf5 25. Ba2 Be5 26. Bxe5 Rxe5 27. Rc3
Rde8 28. Nf4 Be6 29. Rfc1 Qd6 30. Rc5 Bd7 31. Bxd5 Nxd5 32. Rxd5 Rxd5 33. Nxd5
Bc6 34. Nb4 Qxd4 35. exd4 Bb5 36. Nd5 Re2 37. Rc8+ Kh7 38. Rc7 Rxb2 39. Rxb7
Ra2 40. Rxf7 Rxa3 41. h4 Kg8 42. Rb7 Ra4 43. Nf4 Rxd4 44. Nxg6 Bd3 45. Rb8+ Kh7
46. Nf8+ Kh6 47. Ne6 Rd6 48. Rh8+ Kg6 49. Nf4+ Kf5 50. Nxd3 Rxd3 51. Kh2 Kf4
52. Rf8+ Ke5 53. g4 Rd7 54. Kg3 Ra7 55. Rf5+ Kd4 56. Ra5 Kc4 57. h5 Kb4 58. Ra1
a5 59. g5 a4 60. f4 a3 61. f5 a2 62. Kf4 Kb3 63. f6 Ra4+ 64. Kf5 gxf6 65. Kxf6
Ra5 66. h6 Ra6+ 67. Kf7 Ra7+ 68. Kg6 Ra6+ 69. Kf7 Ra7+ 70. Kg6 Ra6+ 71. Kh5 Kb2
72. Rxa2+ Rxa2 73. h7 Kb3 74. Kg6 Ra6+ 75. Kf5 Ra5+ 76. Kg4 Ra4+ 77. Kh5 Ra1
78. g6 Kb4 79. g7 Ra5+ 80. Kg4 1-0

[Event "2BLN 1819 SC Rotation Pankow - SK Zehle"]
[Site "?"]
[Date "2019.02.03"]
[Round "6.8"]
[White "Lisek, Juergen"]
[Black "Lagunow, Alexander"]
[Result "0-1"]
[WhiteElo "2250"]
[BlackElo "2392"]
[PlyCount "118"]
[EventDate "2019.??.??"]

1. e4 c6 2. Nc3 d5 3. Nf3 Bg4 4. h3 Bh5 5. Be2 dxe4 6. Nxe4 Nd7 7. d4 Ngf6 8.
Nxf6+ Nxf6 9. c3 e6 10. Bg5 Qb6 11. Qb3 Bd6 12. g4 Bg6 13. Qxb6 axb6 14. Nh4
Nd5 15. Nxg6 hxg6 16. Bf3 b5 17. Ke2 Nb6 18. Kd3 f6 19. Bd2 g5 20. a3 Kd7 21.
Bg2 Rh4 22. Be1 Nd5 23. Bxd5 cxd5 24. f4 Rh6 25. fxg5 fxg5 26. Bd2 Rah8 27.
Bxg5 Rxh3+ 28. Rxh3 Rxh3+ 29. Kc2 Rg3 30. Rf1 Rxg4 31. Rf7+ Ke8 32. Rxg7 Bf8
33. Rxb7 Rxg5 34. Rxb5 Rg2+ 35. Kb3 Kd7 36. a4 Kc6 37. Rb8 Rf2 38. Rc8+ Kd7 39.
Rb8 Kc7 40. Re8 Kd7 41. Rb8 Bh6 42. Rb6 Bf4 43. Rb5 Bc7 44. Ka2 Rf8 45. Ka3 Kc6
46. b4 Bb6 47. Kb3 Rf2 48. Ka3 Rc2 49. Kb3 Re2 50. Ka3 e5 51. dxe5 Rxe5 52. Kb2
Re4 53. Kc2 Rc4 54. Kd2 Bc7 55. Kd3 Be5 56. Ra5 Rxc3+ 57. Kd2 Rb3 58. b5+ Kc5
59. Ra8 d4 0-1

[Event "2BLN 1819 SV Glückauf Rüdersdorf - Hamb"]
[Site "?"]
[Date "2019.02.03"]
[Round "6.2"]
[White "Leniart, Arkadiusz"]
[Black "Kramer, Julian"]
[Result "1-0"]
[WhiteElo "2497"]
[BlackElo "2372"]
[PlyCount "79"]
[EventDate "2019.??.??"]

1. e4 e5 2. Nf3 Nc6 3. Bc4 Bc5 4. c3 Nf6 5. d4 exd4 6. e5 d5 7. Bb5 Ne4 8. cxd4
Bb6 9. O-O O-O 10. h3 f5 11. Nc3 Be6 12. Ne2 g5 13. Bxc6 bxc6 14. Ne1 f4 15. f3
c5 16. Nc2 cxd4 17. Ncxd4 Nc5 18. b4 Nd7 19. Kh2 Qe8 20. a4 a5 21. b5 Nxe5 22.
Re1 Qg6 23. Nxe6 Qxe6 24. Nd4 Qf6 25. Nc6 Nxc6 26. Qxd5+ Kh8 27. bxc6 Qxa1 28.
Bxf4 Qg7 29. Be5 Rf6 30. Bc3 Raf8 31. Re6 Rxe6 32. Bxg7+ Kxg7 33. Qxe6 Rf6 34.
Qd5 h6 35. h4 Rd6 36. Qe5+ Kg6 37. Kh3 Rf6 38. g3 Rd6 39. Qe8+ Kg7 40. Qe7+ 1-0

[Event "2BLN 1819 SV Glückauf Rüdersdorf - Hamb"]
[Site "?"]
[Date "2019.02.03"]
[Round "6.3"]
[White "Colpe, Malte"]
[Black "Steczek, Marcin"]
[Result "0-1"]
[WhiteElo "2374"]
[BlackElo "2379"]
[PlyCount "96"]
[EventDate "2019.??.??"]

1. e4 e6 2. d4 d5 3. Nc3 Be7 4. e5 b6 5. Nf3 Qd7 6. a4 Nc6 7. Bd3 Bb7 8. O-O
Na5 9. Ne2 c5 10. c3 c4 11. Bc2 Bf8 12. Nd2 Ne7 13. f4 Nf5 14. Rf3 h5 15. g3
Be7 16. h3 O-O-O 17. b4 Nc6 18. Nf1 Rdg8 19. Be3 Kb8 20. Bf2 Bd8 21. Nh2 Nce7
22. Qd2 f6 23. Kg2 fxe5 24. fxe5 g5 25. g4 hxg4 26. hxg4 Nh4+ 27. Bxh4 Rxh4 28.
Ng3 Qe8 29. Raf1 Rgh8 30. Nh5 Rxg4+ 31. Nxg4 Qxh5 32. Rg3 Nf5 33. Rxf5 exf5 34.
Bxf5 Qh1+ 35. Kf2 Bc8 36. Bxc8 Rf8+ 37. Nf6 Bxf6 38. Rf3 g4 39. Rxf6 Rh8 40.
Kg3 Kxc8 41. Qc2 Qh4+ 42. Kf4 g3+ 43. Kf3 Qh5+ 44. Ke3 Qg5+ 45. Kf3 Rh2 46.
Rf8+ Kc7 47. Rf7+ Kd8 48. Rf5 Qxf5+ 0-1